000 00734nam a2200193 a 4500
001 2314
003 CO-ViMGA
008 141112s2004 ck r 000 u spa d
040 _aCO-ViMGA
_bspa
_cCO-ViMGA
082 0 4 _a155.4 W455c
100 1 _aWinnicott, Donald W
_951114
245 1 0 _aConozca a su niño :
_bpsicología de las primeras relaciones entre el niño y su familia
260 _aBarcelona :
_bPaidos,
_c1993
300 _a216 p
505 _aUn hombre opina sobre la maternidad 13 - - La alimentación del niño 31 - - El bebe como persona 53 - - La moralidad innata del bebe 91 - - Los instintos y las dificultades normales 115
650 1 4 _aPSICOLOGIA
_95002
650 1 4 _aPSICOLOGIA INFANTIL
_91631
942 _2ddc
_cBK
999 _c14415
_d14415